Alle Länder und Anführer aus Civ IV - Statistiken

Allgemein
  • Dieses Quiz wurde 13 mal gespielt
  • Das Durchschnittsergebnis liegt bei 35 aus 86
Antwortstatistiken
Antwort % Korrekt
Deutschland
100%
China
89%
England
89%
Japan
89%
Russland
89%
Spanien
89%
Ägypten
78%
Amerika
78%
Frankreich
78%
Griechenland
78%
Rom
78%
Elizabeth I.
67%
George Washington
67%
Korea
67%
Maya
67%
Napoleon Bonaparte
67%
Niederlande
67%
Otto von Bismarck
67%
Portugal
67%
Ramses II.
67%
Abraham Lincoln
56%
Babylon
56%
Franklin D. Roosevelt
56%
Indien
56%
Inka
56%
Josef Stalin
56%
Mao Zedong
56%
Mohandas Gandhi
56%
Mongolei
56%
Persien
56%
Zulu
56%
Alexander der Große
44%
Arabien
44%
Azteken
44%
Friedrich II. der Große
44%
Isabella I.
44%
Karthago
44%
Peter I. der Große
44%
Shaka
44%
Tokugawa Ieyasu
44%
Victoria
44%
Byzantinisches Reich
33%
Charles de Gaulle
33%
Hannibal
33%
Justinian I.
33%
Katharina II. die Große
33%
Kublai Khan
33%
Louis XIV.
33%
Mali
33%
Montezuma II.
33%
Osmanisches Reich
33%
Wikinger
33%
Willem van Oranje
33%
Winston Churchill
33%
Äthiopien
22%
Boudicca
22%
Dareios I.
22%
Gilgamesh
22%
Hatshepsut
22%
Heiliges Römisches Reich
22%
Indianer
22%
Karl. I der Große
22%
Kelten
22%
Khmer
22%
Kyrus II. der Große
22%
Mansa Musa
22%
Ragnar
22%
Sumer
22%
Asoka
11%
Augustus Caeser
11%
Brennus
11%
Dschingis Khan [Temüüdschin]
11%
Hammurabi
11%
Huayna Capac
11%
João II.
11%
Julius Caeser
11%
Mehmed II.
11%
Pacal II.
11%
Perikles
11%
Qin Shi Huang
11%
Saladin
11%
Sitting Bull
11%
Süleymann der Prächtige
11%
Suryavarman II.
11%
Taejo [Wang Geon]
11%
Zara Yaqob
11%
Keine übereinstimmenden Quizze gefunden
Verteilung der Resultate
Anzahl Personen mit jedem Resultat
Perzentil nach korrekt beantworteten Fragen
Ihre Resultats-Entwicklung
Sie haben dieses Quiz noch nicht gespielt